Σύγχρονη βιομηχανική οργάνωση

Αποθηκεύτηκε σε:
Λεπτομέρειες βιβλιογραφικής εγγραφής
Κύριοι συγγραφείς: Carlton, Dennis W., Perloff, Jeffrey M. (Συγγραφέας)
Άλλοι συγγραφείς: Βάσσης, Μηνάς (Επιμελητής έκδοσης), Παναγιώτου, Δημήτριος (Επιμελητής έκδοσης), Τσεκούρας, Κωνσταντίνος (Επιμελητής έκδοσης)
Μορφή: Βιβλίο
Γλώσσα:Greek
English
Δημοσίευση: Cyprus : Broken Hill, 2017.
Θέματα:
Ετικέτες: Προσθήκη ετικέτας
Δεν υπάρχουν, Καταχωρήστε ετικέτα πρώτοι!

MARC

LEADER 00000cam a2200000 a 4500
001 1/118994
008 190531t2017####cy | ||| |||| ||gre||
020 |a 9789963274437 
040 |a GR-MyUa  |b gre  |c GR-MyUa  |e AACR2 
041 1 |a gre  |h eng 
082 7 |a 338.6  |2 (23) 
100 1 |a Carlton, Dennis W. 
245 1 0 |a Σύγχρονη βιομηχανική οργάνωση /   |c Dennis W. Carlton, Jeffrey M. Perloff ; επιμέλεια Μηνάς Βλάσσης, Δημήτριος Παναγιώτου, Κωνσταντίνος Τσεκούρας.  
260 |a Cyprus :   |b Broken Hill,   |c 2017.  
300 |a 853 σ. ;   |c 28 εκ.  
650 0 |a Industrial organization (Economic theory) 
700 1 |a Perloff, Jeffrey M.  |e aut 
700 1 |a Βάσσης, Μηνάς,  |e edt 
700 1 |a Παναγιώτου, Δημήτριος,  |e edt 
700 1 |a Τσεκούρας, Κωνσταντίνος,  |e edt 
765 0 8 |t Modern industrial organization / 
852 |a INST  |b SAMOS  |c EUDOXUS  |e 20190531  |h 338.6 CAR  |p 005300046040  |q 005300046040  |t EDX  |y 0 
852 |a INST  |b SAMOS  |c EUDOXUS  |e 20190531  |h 338.6 CAR  |p 005300046041  |q 005300046041  |t EDX  |y 0 
920 |a Εύδοξος  |b Παραγγελία  |y Σάμος-ΤΣΑΧΜ  |z 2019-05 
970 |a Γουβάλα  |b Βάσω  |z 31-5-2019